|
|
|
|
| LEADER |
01444nam a2200385 a 4500 |
| 001 |
EBC489461 |
| 003 |
MiAaPQ |
| 005 |
20200520144314.0 |
| 006 |
m o d | |
| 007 |
cr cn||||||||| |
| 008 |
090514s2009 ne sb 001 0 eng |
| 010 |
|
|
|z 2009019265
|
| 020 |
|
|
|z 9789004178045 (alk. paper)
|
| 020 |
|
|
|z 900417804X (alk. paper)
|
| 035 |
|
|
|a (MiAaPQ)EBC489461
|
| 035 |
|
|
|a (Au-PeEL)EBL489461
|
| 035 |
|
|
|a (CaPaEBR)ebr10372710
|
| 035 |
|
|
|a (CaONFJC)MIL260280
|
| 035 |
|
|
|a (OCoLC)647892766
|
| 040 |
|
|
|a MiAaPQ
|c MiAaPQ
|d MiAaPQ
|
| 050 |
|
4 |
|a HB501
|b .O33 2009
|
| 082 |
0 |
4 |
|a 330.12/2
|2 22
|
| 100 |
1 |
|
|a O'Flynn, Micheal.
|
| 245 |
1 |
0 |
|a Profitable ideas
|h [electronic resource] :
|b the ideology of the individual in capitalist development /
|c by Micheal O'Flynn.
|
| 260 |
|
|
|a Leiden ;
|a Boston :
|b Brill,
|c 2009.
|
| 300 |
|
|
|a 198 p.
|
| 490 |
1 |
|
|a Studies in critical social sciences,
|x 1573-4234 ;
|v v. 15
|
| 504 |
|
|
|a Includes bibliographical references and index.
|
| 533 |
|
|
|a Electronic reproduction. Ann Arbor, MI : ProQuest, 2015. Available via World Wide Web. Access may be limited to ProQuest affiliated libraries.
|
| 650 |
|
0 |
|a Capitalism
|x Social aspects.
|
| 650 |
|
0 |
|a Individualism.
|
| 655 |
|
4 |
|a Electronic books.
|
| 710 |
2 |
|
|a ProQuest (Firm)
|
| 830 |
|
0 |
|a Studies in critical social sciences ;
|v v. 15.
|
| 856 |
4 |
0 |
|u https://ebookcentral.proquest.com/lib/matrademy/detail.action?docID=489461
|z Click to View
|